01517nam a22002297a 450000500170000000800410001702000180005804000070007604100120008308200180009510000260011324500660013926000420020530000220024736500380026944000290030752008550033665000150119165000200120665000310122665000300125720260129113913.0230307b ||||| |||| 00| 0 eng d a9789351485711 cAL aEnglish 223a115bPANT aKuruvilla Pandikattu  aTimes Upb : The Story of Time Weaving Physics and Philosophy aDelhibChristian World Imprintsc2021 a167pbHBc23x15cm a02302c₹d₹600.00f01-12-2022 aJD Philosophy Series -19 aWhat is time? How does it originate? How will it end? Has it an end? What is its relation to life? Can we at all visualise life without time and time without life? Time and life are intimately interlinked. A modest attempt is made in this book to answer these significant questions from the perspective of science (physics), philosophy and theology. It is emphasised that time has a narrative (historical and fictive) function in our lives. This enables us to visualise time as constitutive us, including all our activities and non-activities. Thus times lives essentially in our human hearts. Contents Introduction: Mysterious Time 1. Human Life: Paradoxical Time 2. Time in Science: Physical Time 3. Time in Western Philosophy 4. Time in Indian Philosophy 5. Ricoeur: Time in Narrative and Fiction 6. Michael Ende: Lived Time in Our Hearts  aHuman life aTime in Science aTime in Western Philosophy aTime in Indian Philosophy